| 000 | 00474nam a22001697a 4500 | ||
|---|---|---|---|
| 003 | BT-SaRUSC | ||
| 005 | 20260408105959.0 | ||
| 008 | 260408b |||||||| |||| 00| 0 eng d | ||
| 040 | _cBT-SaRUSC | ||
| 082 | _aA6.8 UNE | ||
| 110 |
_aUNESCO _9498 |
||
| 245 |
_aEarly intervention and quality education of children with disabilities in Asia and the Pacific / _cUNESCO |
||
| 260 |
_bUNESCO _c2021 |
||
| 300 |
_a72 P. _c30 CM. |
||
| 541 |
_d8.4.26 _eGD 2378 |
||
| 942 |
_2ddc _cGD |
||
| 999 |
_c19965 _d19965 |
||